| Поле | Название | Значение |
| |
Тип записи |
a |
| |
Библиографический уровень |
c |
| 001 |
Контрольный номер |
RU/IS/BASE/321011525 |
| 005 |
Дата корректировки |
20201206204718.1 |
| 010 |
Индекс ISBN |
__ |
| a |
ISBN |
978-5-87247-488-3 |
| d |
Цена |
100-00 |
| 101 |
Язык документа |
__ |
| a |
Язык текста |
rus |
| c |
Язык оригинала |
rus |
| 200 |
Заглавие и сведения об ответственности |
1_ |
| a |
Заглавие |
"К высоким небесам" |
| e |
Сведения, относящиеся к заглавию |
сб. ст. о творчестве Д. А. Мизгулина |
| f |
Первые сведения об ответственности |
вступ. ст. М. М. Рябий |
| b |
Общее обозначение материала |
Текст |
| 210 |
Выходные данные |
__ |
| a |
Место издания |
Ханты-Мансийск |
| c |
Издательство |
Кн. изд-во |
| d |
Дата издания |
2008 |
| 215 |
Физическое описание |
__ |
| a |
Объем |
220 с. |
| 320 |
Библиография |
__ |
| a |
Библиография |
Список лит.: с. 205-216 |
| 327 |
Примечание о содержании |
__ |
| a |
Примечание о содержании |
Целебные строки грустных стихов / Е. Захарченко |
| 327 |
Примечание о содержании |
__ |
| a |
Примечание о содержании |
Такие простые слова / А. Ахматов |
| 327 |
Примечание о содержании |
__ |
| a |
Примечание о содержании |
Спасительное творчество / Г. Седых |
| 327 |
Примечание о содержании |
__ |
| a |
Примечание о содержании |
Стяжение слова и духа / В. Петров |
| 327 |
Примечание о содержании |
__ |
| a |
Примечание о содержании |
Скорбный слух поэта / Н. Стручкова |
| 327 |
Примечание о содержании |
__ |
| a |
Примечание о содержании |
Поэзия души / С. Козлов |
| 327 |
Примечание о содержании |
__ |
| a |
Примечание о содержании |
Шесть диалогов с Дмитрием Мизгулиным |
| 330 |
Аннотация |
__ |
| a |
Аннотация |
Сборник станет поводом для серьезного разговора читателей о поэзии, прозе эссеистике нашего современника. |
| 600 |
Персоналии |
__ |
| a |
Персоналии (Фамилия) |
Мизгулин, Д. А. |
| c |
Дополнение к имени |
поэт |
| 606 |
Тематические рубрики |
__ |
| a |
Основная рубрика |
Литературоведение |
| 606 |
Тематические рубрики |
__ |
| a |
Основная рубрика |
Русская литература XX в. |
| 610 |
Ключевые слова |
__ |
| a |
Ключевые слова |
литературное творчество; писатели; персоналии; литературная критика |
| 686 |
Индексы других классификаций |
__ |
| a |
Классификационный индекс |
83.3(2Рос=Рус)6 |
| 702 |
Вторичная интеллектуальная ответственность |
_1 |
| a |
Фамилия |
Рябий |
| b |
Имя |
М. М. |
| 4 |
Код отношения |
Автор вступительной статьи |
| 702 |
Вторичная интеллектуальная ответственность |
_1 |
| a |
Фамилия |
Захарченко |
| b |
Имя |
Е. |
| 4 |
Код отношения |
Автор |
| 702 |
Вторичная интеллектуальная ответственность |
_1 |
| a |
Фамилия |
Ахматов |
| b |
Имя |
А. |
| 4 |
Код отношения |
Автор |
| 702 |
Вторичная интеллектуальная ответственность |
_1 |
| a |
Фамилия |
Седых |
| b |
Имя |
Г. |
| 4 |
Код отношения |
Автор |
| 702 |
Вторичная интеллектуальная ответственность |
_1 |
| a |
Фамилия |
Петров |
| b |
Имя |
В. |
| 4 |
Код отношения |
Автор |
| 702 |
Вторичная интеллектуальная ответственность |
_1 |
| a |
Фамилия |
Стручкова |
| b |
Имя |
Н. |
| 4 |
Код отношения |
Автор |
| 702 |
Вторичная интеллектуальная ответственность |
_1 |
| a |
Фамилия |
Козлов |
| b |
Имя |
С. |
| 4 |
Код отношения |
Автор |
| 801 |
Источник записи |
_0 |
| a |
Страна |
RU |
| b |
Организация |
Муниципальное бюджетное учреждение культуры "Централизованная библиотечная система" г. Сургут (Центральная городская библиотека им. А. С. Пушкина) |
| g |
Правила каталогизации |
КиК/Елгина |
| 801 |
Источник записи |
_1 |
| a |
Страна |
RU |
| b |
Организация |
Муниципальное бюджетное учреждение культуры "Централизованная библиотечная система" г. Сургут (Центральная городская библиотека им. А. С. Пушкина) |
| g |
Правила каталогизации |
КиК/Елгина |
| 852 |
Данные о местонахождении |
__ |
| j |
Шифр хранения |
83.3(2Рос=Рус)6 |
| c |
Каталожный индекс |
83.3(2Рос=Рус)6 |
| i |
Авторский знак |
К 11 |
| 901 |
Тип документа |
__ |
| t |
Тип документа |
x |
| 903 |
Характеристики (МАРС) |
__ |
| a |
Дата передачи |
20100309 |
| 969 |
Тип издания |
__ |
| a |
Тип издания |
сборник |
| 990 |
Данные о заказе (DOS) |
__ |
| j |
Количество экземпляров (DOS) |
1 |
| t |
N записи в КСУ для И/У (DOS) |
201003 |